Представление документа в формате MARC21

Поле Инд. ПП Название Значение
Тип записи a
Библиографический уровень m
001 Контрольный номер RU/IS/BASE/210170637
005 Дата корректировки 20240123162941.5
008 Кодируемые данные 20060829
041 a Код языка текста rus
084 a Индекс другой классификации/Индекс ББК 9
090 a Полочн. индекс 95.2
x Авторский знак G 37
245 a Заглавие GEOFocus
b Продолж. заглавия увлекательный мир: Земля
c Ответственность учредитель: Грунер+Яр; гл. ред. Н. Моисеева
n Номер части/ раздела №1-2/2006
260 a Место издания Москва
b Издательство Грунер+Яр
c Дата издания 2006
300 a Объем 82 с.
500 a Примечание Журнал
a Примечание Главная тема номера: Парапсихология
a Примечание Подарочный экземпляр
650 a Основная рубрика универсальная тематика
653 a Ключевые слова дорожные знаки
a Ключевые слова колдуны
a Ключевые слова парапсихологические явления
a Ключевые слова пророки
a Ключевые слова скалы
a Ключевые слова скальные горные породы
a Ключевые слова скальные массивы
a Ключевые слова фигурное катание
a Ключевые слова целительство
a Ключевые слова экстрасенсы
773 w Контрольный № источника RU/IS/BASE/407523519
901 t Тип документа s